घराच्या आतबाहेर (Record no. 1046332)

MARC details
000 -LEADER
fixed length control field 00595nam a2200181Ia 4500
008 - FIXED-LENGTH DATA ELEMENTS--GENERAL INFORMATION
fixed length control field 151018s9999 xx 000 0 und d
082 ## - DEWEY DECIMAL CLASSIFICATION NUMBER
Item number RBASDV47184
Classification number 891.468
100 ## - MAIN ENTRY--PERSONAL NAME
Personal name अरुण शेवते
245 ## - TITLE STATEMENT
Title घराच्या आतबाहेर
250 ## - EDITION STATEMENT
Remainder of edition statement 1
260 ## - PUBLICATION, DISTRIBUTION, ETC. (IMPRINT)
Name of publisher, distributor, etc अनघा प्रकाशन ठाणे
Date of publication, distribution, etc 2008
300 ## - PHYSICAL DESCRIPTION
Extent 87
600 ## - SUBJECT ADDED ENTRY--PERSONAL NAME
Personal name अरुण शेवते
630 ## - SUBJECT ADDED ENTRY--UNIFORM TITLE
Uniform title घराच्या आतबाहेर
700 ## - ADDED ENTRY--PERSONAL NAME
Personal name अरुण शेवते
730 ## - ADDED ENTRY--UNIFORM TITLE
Uniform title घराच्या आतबाहेर
942 ## - ADDED ENTRY ELEMENTS (KOHA)
Koha item type Book
Holdings
Withdrawn status Lost status Damaged status Not for loan Home library Current library Date acquired Cost, normal purchase price Total Checkouts Full call number Barcode Date last seen Cost, replacement price Price effective from Koha item type
        R.B. Anant Shivaji Desai Vachanalaya and Granthalaya, Kudal R.B. Anant Shivaji Desai Vachanalaya and Granthalaya, Kudal 04/07/2009 18.00   RBASDV47184 RBASDV47184 10/18/2015 18.00 10/18/2015 Book